000 00922nam a22002897a 4500
001 5124
003 FISKH
005 20241107091217.0
008 241107b cb ||||| |||| 00| 0 eng d
020 _a9781404256514
040 _aFISKH
_beng
_cFISKH
_dFISKH
050 _aPZ7.S543
082 _a038
100 _aShea, Therese
245 _aSam's new shoes /
_cTherese Shea
250 _aPublished in 2006
260 _aNew York :
_bNeighborhood,
_c2006.
300 _a8 pages :
_bColor illustrations ;
_c21 cm
505 _aC
520 _aFeaturing high-frequency words, pictures that are tightly correlated to the text, and a charming story, this leveled fiction reader will help emerging readers built early literacy skills.
521 8 _a20L
_bLexile
521 8 _aC
_bRaz-Plus
650 _2Fiction
_aEarly reader
650 _2Sight Words-see
_aChildren's
942 _2ddc
_cBK
_n0
999 _c5124
_d5124